|
|
|
|
| LEADER |
01246nam a2200373 a 4500 |
| 001 |
001467014 |
| 003 |
CZ BrMZK |
| 005 |
20151103061949.0 |
| 007 |
ta |
| 008 |
150420s2010 xxu e 001 0 eng |
| 020 |
|
|
|a 978-0-374-53250-5
|q (brož.)
|
| 040 |
|
|
|a BOA001
|b cze
|
| 072 |
|
7 |
|a 17
|x Etika. Morální filozofie
|2 Konspekt
|9 5
|
| 080 |
|
|
|a 177.9
|2 MRF
|
| 080 |
|
|
|a 340.114
|2 MRF
|
| 080 |
|
|
|a 124.5
|2 MRF
|
| 080 |
|
|
|a 17:34
|2 MRF
|
| 080 |
|
|
|a 340.12
|2 MRF
|
| 080 |
|
|
|a (048.8)
|2 MRF
|
| 100 |
1 |
|
|a Sandel, Michael J.,
|d 1953-
|7 jn20020721229
|4 aut
|
| 245 |
1 |
0 |
|a Justice :
|b what's the right thing to do? /
|c Michael J. Sandel
|
| 250 |
|
|
|a 1st paperback ed.
|
| 260 |
|
|
|a New York :
|b Farra, Straus and Giroux,
|c 2010
|
| 300 |
|
|
|a 308 s. ;
|c 24 cm
|
| 504 |
|
|
|a Obsahuje bibliografické odkazy a rejstřík
|
| 650 |
0 |
7 |
|a spravedlnost
|7 ph125972
|2 czenas
|
| 650 |
0 |
7 |
|a hodnoty
|7 ph120778
|2 czenas
|
| 650 |
0 |
7 |
|a právní etika
|7 ph329308
|2 czenas
|
| 650 |
0 |
7 |
|a právní filozofie
|7 ph115911
|2 czenas
|
| 655 |
|
7 |
|a monografie
|7 fd132842
|2 czenas
|
| 910 |
|
|
|a BOA001
|b 2-1344.728
|
| 990 |
|
|
|a BK
|
| 991 |
|
|
|b 201511
|c NOV
|e n
|
| 996 |
7 |
|
|b 2610631346
|c 2-1344.728
|l Americká knihovna/3.patro
|r ZHR
|n 6
|p dar
|h 32(73) SAN
|w 001502390
|u 000010
|a 0
|e BOA001
|j MZK50
|s A
|